000 00686nam a2200289Ia 4500
005 20260324143428.0
008 008 260324s9999 xx 000 0 eng d
020 _a9780429042331
037 _aEBOOK
040 _aCRL
040 _beng
040 _cCRL
041 _2eng
041 _aeng
084 _qCRL
100 _aMathias Jopp
_91215600
245 0 _aIntegration And Security In Western Europe
245 0 _bInside The European Pillar
260 _bTaylor and Francis
260 _c1992
365 _a
365 _b220
856 _uhttp://www.taylorfrancis.com/books/9780429042331
942 _cEBOOK
999 _c1820990
_d1820990